000 00925aam a2200325 i 4500
001 768714001
003 CO-MdFUSB
005 20250828164432.0
007 ta
008 250828t1987 -us |||| |||| 00| 0 spa d
020 _a0-8423-6515-X
040 _cCO-MdFUSB
041 0 _aspa
_hspa
082 0 4 _223
_a248.86
_bM915c
100 1 _aMoster, Mary Beth
_eautor
240 _aWhen the doctor says, "It's cancer"
245 1 0 _aCuando el médico dice :
_b"es cáncer"
_c/ Mary Beth Moster ; traducido por Alex Araathon
250 _aprimera edición
264 1 _bUnilit,
_aMiami, FL., USA :
_c[1986]
264 4 _c©1986
300 _a87 páginas
336 _atexto
_btxt
_2rdacontent
337 _2rdamedia
_asin mediación
_bn
338 _2rdacarrier
_avolumen
_bnc
563 _aRústico
653 _aEnfermedad
700 _aAraathon, Alex,
_911875
_etraductor
942 _cBK
945 _aJTF-925
999 _c36238
_d36238